| 000 | nam a22 7a 4500 | ||
|---|---|---|---|
| 999 |
_c127099 _d127099 |
||
| 008 | 171012b xxu||||| |||| 00| 0 eng d | ||
| 050 | _aZ254.C35 | ||
| 100 |
_aCamp, Sue C. _937047 |
||
| 245 |
_aDeveloping Editing Skills _c/ Sue C. Camp |
||
| 260 |
_aLondon _bGregg Division/McGraw-Hill Book Company _c1985 |
||
| 300 |
_a172p. ; _c28cm. |
||
| 650 |
_aEditing _937048 |
||
| 942 |
_2lcc _cMONOGRAPH |
||